000 00773nam a2200289Ia 4500
001 23566
003 IT-RoPAU
008 130308s9999 xx 000 0 und d
040 _aIT-RoPAU
040 _cIT-RoPAU
041 _aITALIANO
100 _aBentivoglio Leonetta
100 _gCodice Aut. SPICS: 9327
245 _aInsegnamento della danza (L')-Potrà uscire dal caos?
245 _bAnnuario Musicale Italiano 1982/83
250 _a1a ed.
260 _aROMA
260 _bCidim
260 _c1983 [1° Ed.:1981 - Ed.Ling.Originale:1981]
300 _a"3 p. (prefazione: no ; testo: 3 [pagine: 273-275])"
650 _aENCICLOPEDIE DI MUSICA
650 _eCodice materia Spics: 7001
942 _cBK
957 _71
999 _c58302
_d58302
999 _bSI
999 _g1